चरैवेति चरैवेति (Record no. 64350)
[ view plain ]
| 000 -LEADER | |
|---|---|
| fixed length control field | 00329nam a22000977a 4500 |
| 100 ## - MAIN ENTRY--AUTHOR NAME | |
| Personal name | स्वामी,डॉ.शंकरलाल |
| 245 ## - TITLE STATEMENT | |
| Title | चरैवेति चरैवेति |
| 260 ## - PUBLICATION, DISTRIBUTION, ETC. (IMPRINT) | |
| Place of publication | बीकानेर |
| Name of publisher | कलासन प्रकाशन |
| Year of publication | 2004 |
| 650 ## - SUBJECT ADDED ENTRY--TOPICAL TERM | |
| Topical Term | यात्रा |
| 942 ## - ADDED ENTRY ELEMENTS (KOHA) | |
| Koha item type | Hindi Books |
| Withdrawn status | Lost status | Damaged status | Not for loan | Home library | Current library | Date acquired | Cost, normal purchase price | Full call number | Accession Number | Price effective from | Koha item type |
|---|---|---|---|---|---|---|---|---|---|---|---|
| MACL | MACL | 22/09/2021 | 80.00 | 910/SWA | CRH017902 | 22/09/2021 | Hindi Books |









